| 000 | 00449nam a2200133Ia 4500 | ||
|---|---|---|---|
| 008 | 151015s9999 xx 000 0 und d | ||
| 020 | _a996690980x | ||
| 050 | _aBF 637.O52 2009 | ||
| 245 | _aJoseph,Omole | ||
| 250 | _a_How to become wise A collection of Quotes, sayings and Proverbs for Teaching, Preaching and Counselling Omole Joseph | ||
| 300 | _aNairobi Scangraphics 2008 | ||
| 650 | _a_Becoming wise | ||
| 700 | _a^d20110308 03:59:38^oanne | ||
| 999 |
_c1236 _d1236 |
||